000 00598cam a22002053a 4500
001 41115
003 PGUSA
005 20140828083927.0
008 121019s2012||||xxu|||||s|||||000 | eng d
040 _aPGUSA
_beng
042 _adc
100 1 _aConway, Moncure Daniel,
_d1832-1907
245 1 0 _aSolomon and Solomonic Literature
_h[electronic resource] /
_cMoncure Daniel Conway
260 _bProject Gutenberg,
_c2012
506 _aPublic domain in the USA.
516 _aElectronic text
830 0 _aProject Gutenberg
_v41115
856 4 0 _uhttp://www.gutenberg.org/ebooks/41115
942 _cEB
999 _c270367
_d270367